|
003 -Nazwa inst., której nr kontr. jest w polu 001 [,]
|
-
- @
- Nazwa instytucji, której n kontrolny jest w polu 001
- NUKAT
|
|
005 -DATA I CZAS OSTATNIEJ MODYFIKACJI [,]
|
-
- @
- pole kontrolne
- 20241231114210.0
|
|
020 -Międzynarod. znormalizowany nr książki - ISBN [ , ]
|
-
- a
- Numer ISBN
- 9788381079952
-
- q
- Dopowiedzenie
- t. 8 ; całość
|
|
020 -Międzynarod. znormalizowany nr książki - ISBN [ , ]
|
-
- a
- Numer ISBN
- 9788381079983
-
- q
- Dopowiedzenie
- t. 8, cz. 1 i 2
|
|
020 -Międzynarod. znormalizowany nr książki - ISBN [ , ]
|
-
- a
- Numer ISBN
- 9788381079990
-
- q
- Dopowiedzenie
- t. 8, cz. 3 i 4
|
|
020 -Międzynarod. znormalizowany nr książki - ISBN [ , ]
|
-
- a
- Numer ISBN
- 9788381605977
-
- q
- Dopowiedzenie
- t. 8, cz. 1
|
|
020 -Międzynarod. znormalizowany nr książki - ISBN [ , ]
|
-
- a
- Numer ISBN
- 9788381079969
-
- q
- Dopowiedzenie
- t. 8, cz. 2
|
|
020 -Międzynarod. znormalizowany nr książki - ISBN [ , ]
|
-
- a
- Numer ISBN
- 9788381604611
-
- q
- Dopowiedzenie
- t. 8, cz. 3
|
|
020 -Międzynarod. znormalizowany nr książki - ISBN [ , ]
|
-
- a
- Numer ISBN
- 9788381079976
-
- q
- Dopowiedzenie
- t. 8, cz. 4
|
|
020 -Międzynarod. znormalizowany nr książki - ISBN [ , ]
|
-
- a
- Numer ISBN
- 9788327800800
-
|
|
020 -Międzynarod. znormalizowany nr książki - ISBN [ , ]
|
-
- a
- Numer ISBN
- 9788326488146
-
|
|
040 -Instytucja sporządzająca opis [ , ]
|
-
- a
- Instytucja, która sporządziła opis (NP)
- Ł U/ek
-
- b
- Język katalogowania
- pol
-
- e
- Zasady katalogowania
- rda
-
- c
- Instytucja, która sporządziła rekord (NP)
- Ł U/ek
-
- d
- Instytucja, która zmodyfikowała rekord (P)
- Ł U/ek
-
- d
- Instytucja, która zmodyfikowała rekord (P)
- WR U/PAdap
-
- d
- Instytucja, która zmodyfikowała rekord (P)
- GD U/AEKs
|
|
942 -Rodzaj dokumentu [ , ]
|
-
- c
- Rodzaj dokumentu
- Książka
|
|
245 -Strefa tytułu i oznaczenia odpowiedzialności [0,0]
|
-
- a
- Tytuł
- System prawa karnego procesowego.
-
- n
- Oznaczenie części (P)
- T. 8,
-
- p
- Nazwa części (P)
- Dowody.
-
- n
- Oznaczenie części (P)
- Cz. 1 /
-
- c
- Pozostałe elementy strefy tytułu i oznaczenia odpowiedzialności (NP)
- redakcja naukowa Jerzy Skorupka ; autorzy: Łukasz Błaszczak, Dagmara Gruszecka, Barbara Janusz-Pohl, Jerzy Kasprzak, Marta Kłopocka-Jasińska, Józef Koredczuk, Karolina Kremens, Hanna Kuczyńska, Cezary Kulesza, Dobromiła Nowicka, Szymon Pawelec, Marian J. Ptak, Maria Rogacka-Rzewnicka, Jarosław Rominkiewicz, Andrzej Sakowicz, Jerzy Skorupka, Denis Solodov, Damian Wąsik.
|
|
246 -Wariant tytułu [1,8]
|
-
-
- b
- Ciąg dalszy tytułu (NP)
- dowody
|
|
260 -Strefa adresu wydawniczego [ , ]
|
-
- a
- Miejsce wydania (P)
- Warszawa :
-
- b
- Nazwa wydawcy (P)
- Wolters Kluwer Polska,
-
|
|
700 -Hasło dodatkowe - nazwa osobowa [1, ]
|
-
- a
- Nazwa osobowa (NP)
- Skorupka, Jerzy
-
- d
- Daty biograficzne (NP)
- (1960- ).
-
- e
- Określenie rodzaju współpracy
- Redakcja
-
- e
- Określenie rodzaju współpracy
- Autor
-
|
|
700 -Hasło dodatkowe - nazwa osobowa [1, ]
|
-
- a
- Nazwa osobowa (NP)
- Hofmański, Piotr
-
- d
- Daty biograficzne (NP)
- (1956- ).
-
- e
- Określenie rodzaju współpracy
- Redakcja
-
|
|
700 -Hasło dodatkowe - nazwa osobowa [1, ]
|
-
- a
- Nazwa osobowa (NP)
- Błaszczak, Łukasz.
-
- e
- Określenie rodzaju współpracy
- Autor
-
|
|
700 -Hasło dodatkowe - nazwa osobowa [1, ]
|
-
- a
- Nazwa osobowa (NP)
- Gruszecka, Dagmara.
-
- e
- Określenie rodzaju współpracy
- Autor
-
|
|
700 -Hasło dodatkowe - nazwa osobowa [1, ]
|
-
- a
- Nazwa osobowa (NP)
- Janusz-Pohl, Barbara.
-
- e
- Określenie rodzaju współpracy
- Autor
-
|
|
700 -Hasło dodatkowe - nazwa osobowa [1, ]
|
-
- a
- Nazwa osobowa (NP)
- Kasprzak, Jerzy
-
- d
- Daty biograficzne (NP)
- (1954- ).
-
- e
- Określenie rodzaju współpracy
- Autor
-
|
|
700 -Hasło dodatkowe - nazwa osobowa [1, ]
|
-
- a
- Nazwa osobowa (NP)
- Kłopocka-Jasińska, Marta.
-
- e
- Określenie rodzaju współpracy
- Autor
-
|
|
700 -Hasło dodatkowe - nazwa osobowa [1, ]
|
-
- a
- Nazwa osobowa (NP)
- Koredczuk, Józef
-
- d
- Daty biograficzne (NP)
- (1956- ).
-
- e
- Określenie rodzaju współpracy
- Autor
-
|
|
700 -Hasło dodatkowe - nazwa osobowa [1, ]
|
-
- a
- Nazwa osobowa (NP)
- Kremens, Karolina.
-
- e
- Określenie rodzaju współpracy
- Autor
-
|
|
700 -Hasło dodatkowe - nazwa osobowa [1, ]
|
-
- a
- Nazwa osobowa (NP)
- Kuczyńska, Hanna.
-
- e
- Określenie rodzaju współpracy
- Autor
-
|
|
700 -Hasło dodatkowe - nazwa osobowa [1, ]
|
-
- a
- Nazwa osobowa (NP)
- Kulesza, Cezary.
-
- e
- Określenie rodzaju współpracy
- Autor
-
|
|
700 -Hasło dodatkowe - nazwa osobowa [1, ]
|
-
- a
- Nazwa osobowa (NP)
- Nowicka, Dobromiła.
-
- e
- Określenie rodzaju współpracy
- Autor
-
|
|
700 -Hasło dodatkowe - nazwa osobowa [1, ]
|
-
- a
- Nazwa osobowa (NP)
- Pawelec, Szymon.
-
- e
- Określenie rodzaju współpracy
- Autor
-
|
|
700 -Hasło dodatkowe - nazwa osobowa [1, ]
|
-
- a
- Nazwa osobowa (NP)
- Ptak, Marian J.
-
- d
- Daty biograficzne (NP)
- (1950- ).
-
- e
- Określenie rodzaju współpracy
- Autor
-
|
|
700 -Hasło dodatkowe - nazwa osobowa [1, ]
|
-
- a
- Nazwa osobowa (NP)
- Rogacka-Rzewnicka, Maria.
-
- e
- Określenie rodzaju współpracy
- Autor
-
|
|
700 -Hasło dodatkowe - nazwa osobowa [1, ]
|
-
- a
- Nazwa osobowa (NP)
- Rominkiewicz, Jarosław
-
- d
- Daty biograficzne (NP)
- (1962- ).
-
- e
- Określenie rodzaju współpracy
- Autor
-
|
|
700 -Hasło dodatkowe - nazwa osobowa [1, ]
|
-
- a
- Nazwa osobowa (NP)
- Sakowicz, Andrzej.
-
- e
- Określenie rodzaju współpracy
- Autor
-
|
|
700 -Hasło dodatkowe - nazwa osobowa [1, ]
|
-
- a
- Nazwa osobowa (NP)
- Solodov, Denis Alekseevič.
-
- e
- Określenie rodzaju współpracy
- Autor
-
|
|
700 -Hasło dodatkowe - nazwa osobowa [1, ]
|
-
- a
- Nazwa osobowa (NP)
- Wąsik, Damian.
-
- e
- Określenie rodzaju współpracy
- Autor
-
|
|
710 -Hasło dodatkowe - nazwa ciała zbiorowego [2, ]
|
-
- a
- Nazwa ciała zbiorowego lub nazwa geograficzna jako pierwszy element (NP)
- Wolters Kluwer Polska.
-
- e
- Rodzaj współpracy
- Wydawca
-
-
|
|
920 -ISBN [ , ]
|
-
- a
- ISBN
- 978-83-8107-996-9
-
- q
- Dopowiedzenie
- t. 8, cz. 2
|
|
920 -ISBN [ , ]
|
-
- a
- ISBN
- 978-83-264-8814-6
-
|
|
920 -ISBN [ , ]
|
-
- a
- ISBN
- 978-83-8107-995-2
-
- q
- Dopowiedzenie
- t. 8 ; całość
|
|
920 -ISBN [ , ]
|
-
- a
- ISBN
- 978-83-8107-998-3
-
- q
- Dopowiedzenie
- t. 8, cz. 1 i 2
|
|
920 -ISBN [ , ]
|
-
- a
- ISBN
- 978-83-8107-999-0
-
- q
- Dopowiedzenie
- t. 8, cz. 3 i 4
|
|
920 -ISBN [ , ]
|
-
- a
- ISBN
- 978-83-8160-597-7
-
- q
- Dopowiedzenie
- t. 8, cz. 1
|
|
920 -ISBN [ , ]
|
-
- a
- ISBN
- 978-83-8160-461-1
-
- q
- Dopowiedzenie
- t. 8, cz. 3
|
|
920 -ISBN [ , ]
|
-
- a
- ISBN
- 978-83-8107-997-6
-
- q
- Dopowiedzenie
- t. 8, cz. 4
|
|
920 -ISBN [ , ]
|
-
- a
- ISBN
- 978-83-278-0080-0
-
|